[Event "Znojmo Rotunda op-B"]
[Site "Znojmo"]
[Date "2023.08.24"]
[Round "7"]
[White "Mayer, Josef"]
[Black "Kocman, Patrik"]
[Result "1-0"]
[WhiteElo "1846"]
[BlackElo "1427"]
[PlyCount "73"]
[EventDate "2023.08.19"]
[EventType "swiss"]
[EventRounds "9"]
[EventCountry "CZE"]
[SourceTitle "EXT 2024"]
[Source "ChessBase"]
[SourceDate "2023.10.10"]
[SourceVersion "1"]
[SourceVersionDate "2023.10.10"]
[SourceQuality "1"]

1. c4 c5 2. Nc3 Nc6 3. g3 g6 4. Bg2 Bg7 5. Nf3 e5 6. d3 d6 7. Nd2 f5 8. Nf1 Nge7 9. Ne3 0-0 10. Ned5 h6 11. 0-0 Rb8 12. Rb1 Nxd5 13. Nxd5 Ne7 14. b4 cxb4 15. Rxb4 Be6 16. Nxe7+ Qxe7 17. Qb3 b6 18. a4 Rbd8 19. Bd2 Qf7 20. a5 bxa5 21. Rb7 Rd7 22. Rxd7 Qxd7 23. Bxa5 f4 24. Rb1 fxg3 25. hxg3 Qf7 26. Be1 Qf6 27. Qb7 Bg4 28. Qd5+ Kh7 29. e3 h5 30. Rb7 g5 31. Rxa7 h4 32. Qb7 hxg3 33. fxg3 Be2 34. Qe4+ Kh6 35. Ra2 Bf3 36. Bxf3 Qxf3 37. Rh2+ 1-0

[Event "Znojmo Rotunda op-B"]
[Site "Znojmo"]
[Date "2023.08.23"]
[Round "5"]
[White "Vodak, Vojtech"]
[Black "Kocman, Patrik"]
[Result "1/2-1/2"]
[WhiteElo "1585"]
[BlackElo "1427"]
[PlyCount "33"]
[EventDate "2023.08.19"]
[EventType "swiss"]
[EventRounds "9"]
[EventCountry "CZE"]
[SourceTitle "EXT 2024"]
[Source "ChessBase"]
[SourceDate "2023.10.10"]
[SourceVersion "1"]
[SourceVersionDate "2023.10.10"]
[SourceQuality "1"]

1. d4 Nf6 2. Bf4 g6 3. Nf3 Bg7 4. h3 d6 5. c3 0-0 6. e3 Nbd7 7. Be2 c6 8. 0-0 Nd5 9. Bh2 e5 10. e4 Ne7 11. dxe5 Nxe5 12. Nxe5 dxe5 13. Bc4 c5 14. Na3 Nc6 15. Bd5 Qe7 16. Qb3 Be6 17. Qd1 1/2-1/2

[Event "Znojmo Rotunda op-B"]
[Site "Znojmo"]
[Date "2023.08.22"]
[Round "4"]
[White "Kocman, Patrik"]
[Black "Luc, Martin"]
[Result "0-1"]
[WhiteElo "1427"]
[BlackElo "1437"]
[PlyCount "140"]
[EventDate "2023.08.19"]
[EventType "swiss"]
[EventRounds "9"]
[EventCountry "CZE"]
[SourceTitle "EXT 2024"]
[Source "ChessBase"]
[SourceDate "2023.10.10"]
[SourceVersion "1"]
[SourceVersionDate "2023.10.10"]
[SourceQuality "1"]

1. e4 c5 2. Nf3 d6 3. d4 cxd4 4. Nxd4 Nf6 5. Nc3 e6 6. Be2 Be7 7. 0-0 0-0 8. Be3 a6 9. f4 b5 10. a3 Bb7 11. Bf3 Nbd7 12. Nb3 Qc7 13. Qe1 Rfd8 14. Qg3 Nc5 15. Nxc5 dxc5 16. e5 Nd5 17. Nxd5 Bxd5 18. f5 exf5 19. Bxd5 Rxd5 20. Rxf5 Qd7 21. Raf1 Qe6 22. Rxf7 Qxe5 23. Bf4 Qd4+ 24. Be3 Qe5 25. Qf3 Bf6 26. Rb7 Qe6 27. Qg3 Rad8 28. Rb8 Bxb2 29. Bxc5 Bf6 30. Be3 Rxb8 31. Qxb8+ Rd8 32. Qf4 Qa2 33. Qc7 Qxa3 34. Bc5 Qxc5+ 35. Qxc5 Bd4+ 36. Qxd4 Rxd4 37. Rb1 Ra4 38. Kf2 Ra2 39. Rc1 b4 40. Ke3 b3 41. cxb3 Rxg2 42. Ra1 Rxh2 43. Rxa6 Rh3+ 44. Kf4 Rxb3 45. Kf5 h6 46. Kg6 Rg3+ 47. Kh5 Rg5+ 48. Kh4 Rb5 49. Ra8+ Kh7 50. Ra7 Rb6 51. Kh5 Rb5+ 52. Kh4 Rf5 53. Kg4 Rg5+ 54. Kh4 Kg6 55. Ra6+ Kh7 56. Ra7 Rf5 57. Kg4 Rf8 58. Kh5 Kg8 59. Kg6 Rf6+ 60. Kh5 Rf7 61. Ra8+ Kh7 62. Kg4 g6 63. Ra6 h5+ 64. Kg5 Rf5+ 65. Kh4 Kh6 66. Rb6 Kg7 67. Rb7+ Rf7 68. Rb6 Rf6 69. Rb7+ Kh6 70. Rb5 g5+ 0-1